MotoGP 2021 Riders - Statistics

General Stats
  • This quiz has been taken 749 times
  • The average score is 18 of 22
Answer Stats
Team Bike Number Rider % Correct
LCR Honda Honda 73 Álex Márquez
97%
Repsol Honda Honda 93 Marc Marquez
97%
Petronas Yamaha SRT Yahama 46 Valentino Rossi
97%
Suzuki Ecstar Suzuki 36 Joan Mir
95%
Suzuki Ecstar Suzuki 42 Álex Rins
92%
Monster Energy Yamaha Yamaha 20 Fabio Quartararo
91%
Ducati Ducati 43 Jack Miller
91%
Ducati Ducati 63 Francesco Bagnaia
90%
Monster Energy Yahama Yamaha 12 Maverick Viñales
89%
Repsol Honda Honda 44 Pol Espargaró
89%
Red Bull KTM Factory KTM 33 Brad Binder
88%
Aprilia Racing Team Gresini Aprilia 41 Aleix Espargaró
87%
Pramac Racing Ducati 5 Johann Zarco
87%
Petronas Yamaha SRT Yamaha 21 Franco Morbidelli
86%
Pramac Racing Ducati 89 Jorge Martin
84%
Red Bull KTM Factory KTM 88 Miguel Oliveira
81%
LCR Honda Honda 30 Takaaki Nakagami
77%
Esponsorama Racing Ducati 23 Enea Bastianini
72%
Esponsorama Racing Ducati 10 Luca Marini
71%
Red Bull KTM Tech3 KTM 9 Danilo Petrucci
62%
Red Bull KTM Tech3 KTM 27 Iker Lecuona
54%
Aprilia Racing Team Gresini Aprilia 32 Lorenzo Savadori
48%
No matching quizzes found
Score Distribution
Percent of People with Each Score
Percentile by Number Answered
Your Score History
You have not taken this quiz